RICS directory 2004 (Record no. 103602)

MARC details
000 -LEADER
fixed length control field 00945cam a2200241 4500
008 - FIXED-LENGTH DATA ELEMENTS--GENERAL INFORMATION
fixed length control field 040528n2004 000 0 eng u
020 ## - INTERNATIONAL STANDARD BOOK NUMBER
International Standard Book Number 1857839498
035 ## - SYSTEM CONTROL NUMBER
System control number (Sirsi) u126309
041 ## - LANGUAGE CODE
Language code of text/sound track or separate title eng
050 ## - LIBRARY OF CONGRESS CALL NUMBER
Classification number 333.33025
-- 18
110 ## - MAIN ENTRY--CORPORATE NAME
Corporate name or jurisdiction name as entry element Royal Institution of Chartered Surveyors
9 (RLIN) 4900
245 ## - TITLE STATEMENT
Title RICS directory 2004
260 ## - PUBLICATION, DISTRIBUTION, ETC.
Place of publication, distribution, etc. London
Name of publisher, distributor, etc. Waterlow
Date of publication, distribution, etc. 2004
300 ## - PHYSICAL DESCRIPTION
Extent 2 v. (1280; 929p.)
Dimensions 26cm.
505 ## - FORMATTED CONTENTS NOTE
Formatted contents note List of members directory
505 ## - FORMATTED CONTENTS NOTE
Formatted contents note Geographical directory
520 ## - SUMMARY, ETC.
Summary, etc. Provides two listings of RICS members: A-Z and by geographical location. Includes a specialisations index, an introduction to RICS Faculties and Forums, an explanation of member services, details of associated organisations and services, and RICS contacts.
650 ## - SUBJECT ADDED ENTRY--TOPICAL TERM
Topical term or geographic name entry element ABOUT RICS-RICS MEMBERS
650 ## - SUBJECT ADDED ENTRY--TOPICAL TERM
Topical term or geographic name entry element DIRECTORIES
650 ## - SUBJECT ADDED ENTRY--TOPICAL TERM
Topical term or geographic name entry element MEMBERSHIP DIRECTORY
690 ## - LOCAL SUBJECT ADDED ENTRY--TOPICAL TERM (OCLC, RLIN)
Topical term or geographic name as entry element MANAGEMENT-BUSINESS MANAGEMENT-PROFESSIONAL PRACTICE
942 ## - ADDED ENTRY ELEMENTS (KOHA)
Suppress in OPAC 0
Holdings
Withdrawn status Lost status Source of classification or shelving scheme Damaged status Not for loan Home library Current library Shelving location Date acquired Total Checkouts Full call number Barcode Date last seen Copy number Price effective from Koha item type
    Dewey Decimal Classification     London London Enquiry desk 28/05/2004   ENQUIRY DESK 30069329 06/08/2019 1 06/08/2019 Reference material
    Dewey Decimal Classification     London London Reference copy 28/05/2004   LIBRARY OFFICE 30069328 06/08/2019 1 06/08/2019 Reference material
    Dewey Decimal Classification     London London Reference copy 28/05/2004   CORNWALL ROOM 30069332 06/08/2019 1 06/08/2019 Reference material